| 000 | 00726nam a2200169 i 4500 | ||
|---|---|---|---|
| 001 | 183582 | ||
| 003 | ES-MaACL | ||
| 005 | 20250730063156.0 | ||
| 008 | 140724s1843 fr |||| | fre d | ||
| 100 | 1 |
_aVoisin, Félix, _d1794-1872 _9155070 |
|
| 245 | 1 | 0 |
_aDe l'Idiotie chez les enfants et des autres particularités d'intelligence ou de caractère qui nécessitent pour eux une instruction et une éducation spéciales _b: de leur responsabilité morale / _cpar Félix Voisin, ... |
| 260 |
_aParis : _bJ.-B. Baillière, _c1843. |
||
| 300 |
_a122 p. ; _c20 cm. |
||
| 650 | 4 |
_aNiños con discapacidad mental- _xEducación. _9148837 |
|
| 852 |
_aES-MaACL _jR-1362(3) _z.- Donat. Mateo Seoane |
||
| 999 |
_c183582 _d183582 |
||